| 000 | 01682nam0a2200361 4500 | ||
|---|---|---|---|
| 001 | RU\NLR\bibl\538058 | ||
| 005 | 20250609153008.0 | ||
| 010 |
_a5-8199-0068-5 _bФОРУМ |
||
| 010 |
_a5-16-001291-5 _bИНФРА-М |
||
| 021 |
_aRU _b2004-8084 _9410 |
||
| 035 | _aRSL-KNO-002408128 | ||
| 035 | _a(NLR Aleph) 000530317 | ||
| 090 |
_a1348905 _c1348905 |
||
| 100 | _a20040316d2004 |||y0rusy50 ca | ||
| 101 | 0 | _arus | |
| 102 | _aRU | ||
| 105 | _aa ||||||||| | ||
| 106 | _ar | ||
| 200 | 1 |
_aМаркетинг _eУчеб. пособие для студентов учреждений сред. проф. образования, обучающихся по группе специальностей 0600 "Экономика и упр." _fЕ. Н. Кнышова |
|
| 210 |
_aМ. _cФорум _cИНФРА-М _d2004 _eТул. тип. |
||
| 215 |
_a281 с. _cил., табл. _d22 |
||
| 225 | 1 | _aПрофессиональное образование | |
| 320 | _aБиблиогр.: с. 247-249 (43 назв.) | ||
| 606 | 0 |
_aМаркетинг _jРуководства, пособия и т.п. для средних специальных учебных заведений _91262222 _3RU\NLR\auth\66200829 |
|
| 606 | 0 |
_aМаркетинг _jУчебные издания для среднего профессионального образования _91262222 _3RU\NLR\auth\66200829 |
|
| 686 |
_aУ9(2)421.0-36я723-1 _2rubbk |
||
| 686 | _aУ9(2)-361.4я723 | ||
| 700 | 1 |
_aКнышова _bЕ. Н. _gЕлена Николаевна _4070 |
|
| 801 | 0 |
_aRU _bRuMoRKP _c20040316 _gPSBO |
|
| 801 | 1 |
_aRU _bRuMoRKP _c20040316 |
|
| 801 | 2 |
_aRU _bNLR _c20040708 _gPSBO |
|
| 942 | _cBOOK | ||
| 980 | _aNB | ||